| 000 | 00800nam a2200253 i 4500 | ||
|---|---|---|---|
| 001 | bg | ||
| 245 | 1 | 0 |
_aOgrzewnictwo : _bpodstawy projektowania cieplnego i termomodernizacji budynków / _cpod red. Haliny Koczyk. |
| 260 |
_aPoznań : _bWydawnictwo Politechniki Poznańskiej, _c2000. |
||
| 300 |
_a267, [1] s. : _brys., wykr. ; _c24 cm. |
||
| 504 | _aBibliogr. s. 253-256. | ||
| 650 | 9 | _aOgrzewanie | |
| 650 | 9 |
_aPrzewodnictwo cieplne _xbudownictwo |
|
| 650 | 9 |
_aCiepło _xbudownictwo |
|
| 650 | 9 |
_aIzolacje cieplne _xbudownictwo |
|
| 650 | 9 |
_aWilgotność _xbudownictwo |
|
| 655 | _aPodręczniki akademickie | ||
| 020 | _a8371435371 | ||
| 040 | _cBPK | ||
| 041 | 0 | _apl | |
| 080 | _a697:536](075.8) | ||
| 920 | _a83-7143-537-1 | ||
| 942 | _cKS | ||
| 008 | s pl f |000 0 pol | ||
| 999 |
_c39339 _d39339 |
||
| 856 |
_uhttp://koha.tu.koszalin.pl/cgi-bin/koha/opac-detail.pl?biblionumber=39339 _yKatalog online BPK |
||